La educación física de los niños de 3 a 7 años / (Record no. 28032)

MARC details
000 -LEADER
campo de control de longitud fija 00708nam a2200205 i 4500
001 - NÚMERO DE CONTROL
campo de control 28032
003 - IDENTIFICADOR DE NÚMERO DE CONTROL
campo de control ES-MaACL
005 - FECHA Y HORA DE LA ÚLTIMA TRANSACCIÓN
campo de control 20230906153741.0
007 - CAMPO FIJO DE DESCRIPCIÓN FÍSICA--INFORMACIÓN GENERAL
campo de control de longitud fija t|
008 - DATOS DE LONGITUD FIJA--INFORMACIÓN GENERAL
campo de control de longitud fija 030116s1969 sp ||||1| spa d
100 1# - ENTRADA PRINCIPAL--NOMBRE DE PERSONA
Nombre de persona Bandet, Jeanne.
9 (RLIN) 25179
245 13 - MENCIÓN DEL TÍTULO
Título La educación física de los niños de 3 a 7 años /
Mención de responsabilidad, etc. Jeanne Bandet, M. Abbadie ; versión... por A. Botella Carbonell ; revidada por Luis María Albors Llardent.
260 ## - PUBLICACIÓN, DISTRIBUCIÓN, ETC.
Lugar de publicación, distribución, etc. Alcoy :
Nombre del editor, distribuidor, etc. Marfil,
Fecha de publicación, distribución, etc. 1969.
300 ## - DESCRIPCIÓN FÍSICA
Extensión 204 p. :
Otras características físicas il. ;
Dimensiones 21 cm.
700 1# - ENTRADA AGREGADA--NOMBRE PERSONAL
Nombre de persona Abbadie, Madeleine,
9 (RLIN) 17996
700 1# - ENTRADA AGREGADA--NOMBRE PERSONAL
Nombre de persona Botella Carbonell, A.
9 (RLIN) 30754
700 1# - ENTRADA AGREGADA--NOMBRE PERSONAL
Nombre de persona Albors Llardent, Luis María.
9 (RLIN) 19417
852 ## - LOCALIZACIÓN
Ubicación ES-MaACL
Número de control de estantería C-46973
Sublocalización o colección R.72330
Holdings
Estatus retirado Estado de pérdida Estado de daño No para préstamo Biblioteca de origen Biblioteca actual Ubicación en estantería Fecha de adquisición Fuente de adquisición Total de préstamos Signatura topográfica completa Código de barras Visto por última vez Precio de reemplazo Tipo de ítem Koha
        Biblioteca del Ateneo de Madrid Biblioteca del Ateneo de Madrid Depósito 2 17/01/2008     C-46973 1028942 23/02/2023 23/02/2023 Libro impreso